Quiz o Polsce.21 Pytań - Statystyki

Ogólne statystyki
  • Ten quiz został rozwiązany 137 razy
  • Średni wynik to 18 z 21
Statystyki odpowiedzi
Zagadnienie Odpowiedź % Poprawnych
ile Polska ma województw? 16
100%
Ile kolorów ma flaga Polski? 2
100%
Ile Polska ma sąsiadów? 7
100%
Jak nazywa się obecny prezydent Polski? Andrzej Duda
100%
Z jakim morzem graniczy Polska? Bałtyckim
100%
Kto był pierwszym królem Polski? Bolesław Chrobry
100%
Stolica Polski między Gnieznem a, Warszawą to ... Kraków
100%
W jakim mieście znajduje się Smok Wawelski? Kraków
100%
Hymn Rzeczpospolitej Polski to ... Mazurek Dąbrowskiego
100%
Do jakiej wielkiej organizacji międzynarodowej Polska dołączyła w 1999? Nato
100%
Kto to jest Piotr Zieliński? Piłkarz
100%
Najwyższy szczyt w Polsce to ... Rysy
100%
Jaki był ostatni król Polski? Stanisław II August
100%
Jakie miasto słynie z pierników? Toruń
100%
Najwyższy budynek w Polsce? Varso Tower w Warszawie
100%
Jak nazywa się waluta Polski? Złoty
100%
Ile Polska ma mieszkańców? 38mln
50%
Ile zegarów ma Pałac Kultury i Nauki 4
50%
Czy w Lublinie są tramwaje? Nie
50%
W którym roku Polska zniknęła z mapy? 1795
0%
Ilu Polaków otrzymało Nagrodę Nobla w dziedzinie literatury? 4
0%
Nie znaleziono quizów pasujących do podanych kryteriów
Rozkład punktacji
Procent ludzi z każdym wynikiem
Percentyl według liczby udzielonych odpowiedzi
Twoja historia wyników
Nie rozwiązałeś tego quizu